000
00311nam a22001337a 4500
999
_c
13999
_d
13999
020
_a
978-1-305-94954-6
082
_a
302.2
100
_a
Dr. Julia T. Wood
245
_a
Communication in Our Lives
250
_a
8th Edition
260
_a
Australia
_b
Cengage Learning
_c
2017
300
_a
480 pages
942
_c
BK